Ciudadanía 1 ES : (Registro nro. 1039)
[ vista simple ]
| 000 -LEADER | |
|---|---|
| fixed length control field | 01826nam a2200349 a 4500 |
| 003 - CONTROL NUMBER IDENTIFIER | |
| control field | AR-BaBN |
| 005 - DATE AND TIME OF LATEST TRANSACTION | |
| control field | 20260604155536.0 |
| 007 - PHYSICAL DESCRIPTION FIXED FIELD--GENERAL INFORMATION | |
| fixed length control field | ta |
| 008 - FIXED-LENGTH DATA ELEMENTS--GENERAL INFORMATION | |
| fixed length control field | 180604s2015 ag ado |r 00| 0 spa d |
| 020 ## - INTERNATIONAL STANDARD BOOK NUMBER | |
| International Standard Book Number | 978-950-01-1685-5 |
| Qualifying information | manual |
| 020 ## - INTERNATIONAL STANDARD BOOK NUMBER | |
| International Standard Book Number | 978-950-01-1686-2 |
| Qualifying information | cuadernillo |
| 040 ## - CATALOGING SOURCE | |
| Original cataloging agency | AR-BaBN |
| Language of cataloging | spa |
| Transcribing agency | AR-RoUNCS |
| 245 00 - TITLE STATEMENT | |
| Title | Ciudadanía 1 ES : |
| Remainder of title | la dignidad humana, los derechos, la democracia, el cuidado de uno mismo y de los otros / |
| Statement of responsibility, etc. | Irene Marrone ... [et al.]. |
| 250 ## - EDITION STATEMENT | |
| Edition statement | 1a ed., 3a reimpr. |
| 260 ## - PUBLICATION, DISTRIBUTION, ETC. | |
| Place of publication, distribution, etc. | San Isidro : |
| Name of publisher, distributor, etc. | Estrada, |
| Date of publication, distribution, etc. | c2015. |
| 300 ## - PHYSICAL DESCRIPTION | |
| Extent | 125 p. : |
| Other physical details | il. col., diagrs., fot., tablas ; |
| Dimensions | 28 cm + |
| Accompanying material | 1 cuadernillo de actividades (31 p. ; 28 cm.) |
| 490 1# - SERIES STATEMENT | |
| Series statement | Huellas |
| 500 ## - GENERAL NOTE | |
| General note | Obra acompañada por el cuadernillo de actividades Saber hacer / autora: María Eugenia Younis Moreno. |
| 505 2# - FORMATTED CONTENTS NOTE | |
| Formatted contents note | Bloque I: Derechos -- 1. Dignidad y libertad -- 2. Las normas y su función en la sociedad -- 3. El derecho y los derechos humanos -- 4. Los derechos civiles, políticos y sociales. El caso de las mujeres -- 5. Los derechos de niñas, niños y adolescentes -- Bloque II: Igualdad y diferencias -- 6. Cultura e identidad -- 7. Igualdad y diversidad -- Bloque III: Estado, gobierno y participación -- 8. La democracia -- 9. Autoritarismo y dictadura en la Argentina -- Bloque IV: El cuidado de uno mismo y de los otros -- 10. Una introducción a los cuidados. |
| 521 2# - TARGET AUDIENCE NOTE | |
| Target audience note | Primer año de Educación Secundaria. |
| 650 #7 - SUBJECT ADDED ENTRY--TOPICAL TERM | |
| Topical term or geographic name entry element | Educación cívica |
| Source of heading or term | embne |
| 655 #7 - INDEX TERM--GENRE/FORM | |
| Genre/form data or focus term | Libros de texto |
| Source of term | embne |
| 700 1# - ADDED ENTRY--PERSONAL NAME | |
| Personal name | Ferreyra, Romina |
| 700 1# - ADDED ENTRY--PERSONAL NAME | |
| Personal name | Fuertes, Adrián |
| 700 1# - ADDED ENTRY--PERSONAL NAME | |
| Personal name | Marrone, Irene |
| 700 1# - ADDED ENTRY--PERSONAL NAME | |
| Personal name | Pierri, Carla |
| 700 1# - ADDED ENTRY--PERSONAL NAME | |
| Personal name | Ramírez Llorens, Fernando, |
| Dates associated with a name | 1974- |
| 700 1# - ADDED ENTRY--PERSONAL NAME | |
| Personal name | Riveros, Brenda |
| 700 1# - ADDED ENTRY--PERSONAL NAME | |
| Personal name | Rojtenberg, Carolina |
| 700 1# - ADDED ENTRY--PERSONAL NAME | |
| Personal name | Younis Moreno, María Eugenia |
| 942 ## - ADDED ENTRY ELEMENTS (KOHA) | |
| Source of classification or shelving scheme | Universal Decimal Classification |
| Koha item type | Obra General |
| Suppress in OPAC | No |
| Withdrawn status | Lost status | Source of classification or shelving scheme | Damaged status | Not for loan | Collection | Home library | Current library | Date acquired | Source of acquisition | Total checkouts | Full call number | Barcode | Date last seen | Price effective from | Koha item type |
|---|---|---|---|---|---|---|---|---|---|---|---|---|---|---|---|
| Universal Decimal Classification | Colección General | Biblioteca Escuela de Ciencias Sociales | Biblioteca Escuela de Ciencias Sociales | 04/06/2026 | Donación 2026 | 32(07) C581 | 001526 | 04/06/2026 | 04/06/2026 | Obra General |